000 00601nam a2200229Ia 4500
003 OSt
005 20220926042157.0
006 a|||||r|||| 00| 0
007 ta
008 220923b |||||||| |||| 00| 0 eng d
037 _cGeneral Book
040 _aRTL
_cRTL
_beng
041 _2eng
_aeng
082 _aX:514, J6
100 _aBolling Cunlife L
_9345911
245 0 _aRetail salemanship
_b A practical guide to modern me
250 _a2
260 _c1956
650 _aSalesmanship
_9229886
942 _hX:514, J6
_cGB
_2CC
999 _c669053
_d669053